LEADER 01234nam a22002771i 4500 001 991002547049707536 005 20030728140120.0 008 030925s1981 gw |||||||||||||||||ger 020 $a3515035729 035 $ab12303872-39ule_inst 035 $aARCHE-035143$9ExL 040 $aBiblioteca Interfacoltà$bita$cA.t.i. Arché s.c.r.l. Pandora Sicilia s.r.l. 082 04$a344.04 100 1 $aAndreae, Clemens August$0171101 245 10$aAnmerkungen zum stellenwert ökonomischer Überlegungen im Gesundheitswesen :$bdargestellt am Beispiel der Nutzen-Kosten-Analyse /$cvon Clemens-August Andreae 260 $aWiesbaden :$bF. Steiner,$c1981 300 $a25 p. ;$c24 cm 440 0$aAbhandlungen der Geistes- und Sozialwissenschaflichen Klasse ;$v1981/7 650 4$aSalute$xTutela 710 2 $aAkademie der Wissenschaften und der Literatur 907 $a.b12303872$b02-04-14$c08-10-03 912 $a991002547049707536 945 $aLE002 Ann. 618/007(1981)$g1$i2002000128515$lle002$o-$pE0.00$q-$rl$s- $t0$u0$v0$w0$x0$y.i12699214$z08-10-03 996 $aAnmerkungen zum stellenwert ökonomischer Überlegungen im Gesundheitswesen$9163126 997 $aUNISALENTO 998 $ale002$b08-10-03$cm$da $e-$fger$ggw $h0$i1 LEADER 01166nam a22002891i 4500 001 991002931069707536 005 20250708114939.0 008 040624s1990 it er 001|0 ita 035 $ab1299960x-39ule_inst 035 $aARCHE-095728$9ExL 040 $aDip.to Beni Culturali$bita$cA.t.i. Arché s.c.r.l. Pandora Sicilia s.r.l.$dSocioculturale Scs 041 0 $aita 082 04$a930.1$223 100 1 $aPetricioli, Marta$0275793 245 10$aArcheologia e Mare nostrum :$ble missioni archeologiche nella politica mediterranea dell'Italia, 1898-1943 /$cMarta Petricioli ; prefazione di Sergio Romano 260 $aRoma :$bV. Levi,$cc1990 300 $aXXI, 442 p. ;$c21 cm 490 1 $aSaggi storici 650 4$aSpedizioni archeologiche italiane$zPaesi mediterranei$y1898-1943 700 1 $aRomano, Sergio 830 0$aSaggi storici 907 $a.b1299960x$b02-04-14$c12-07-04 912 $a991002931069707536 945 $aLE001 AR I 142 8$g1$i2001000098743$lle001$nC. 1$o-$pE0.00$q-$rl$s-$t0$u0$v0$w0$x0$y.i13607595$z12-07-04 996 $aArcheologia e Mare nostrum$9283922 997 $aUNISALENTO 998 $ale001$b12-07-04$cm$da$e-$fita$git$h0$i1